书目信息 |
| 题名: |
大清王朝三雄
|
|
| 作者: | 熊诚 著 | |
| 分册: | 一代枭雄曾国藩 | |
| 出版信息: | 兰州 甘肃文化出版社 2003.02 |
|
| 页数: | 373页 | |
| 开本: | 21cm | |
| 丛书名: | ||
| 单 册: | ||
| 中图分类: | I247.53 | |
| 科图分类: | ||
| 主题词: | 历史小说--中国--现代 | |
| 电子资源: | ||
| ISBN: | 7-80608-768-0 | |
| 000 | 00654nam0 2200217 450 | |
| 001 | 0101056489 | |
| 005 | 20070405144808.00 | |
| 010 | @a7-80608-768-0@dCNY26.60 | |
| 100 | @a20030616d2003 em y0chiy0121 ea | |
| 101 | 0 | @achi |
| 102 | @aCN@b620000 | |
| 105 | @ay z 000ad | |
| 200 | 1 | @a大清王朝三雄@Ada qing wang chao san xiong@i一代枭雄曾国藩@f熊诚著@FXiong Cheng Zhu |
| 210 | @a兰州@c甘肃文化出版社@d2003.02 | |
| 215 | @a373页@d21cm | |
| 517 | 1 | @a一代枭雄曾国藩@Ayi dai xiao xiong ceng guo fan |
| 606 | 0 | @a历史小说@y中国@z现代 |
| 690 | @aI247.53@v4 | |
| 701 | 0 | @a熊诚@AXiong Cheng@4著 |
| 801 | 0 | @aCN@c20070405 |
| 905 | @a10447@dI247.53@eX6321 | |
| 大清王朝三雄.一代枭雄曾国藩/熊诚著.-兰州:甘肃文化出版社,2003.02 |
| 373页;21cm |
| ISBN 7-80608-768-0:CNY26.60 |
| ● |
| 相关链接 |
|
|
|
正题名:大清王朝三雄
索取号:I247.53/X6321
 
预约/预借
| 序号 | 登录号 | 条形码 | 馆藏地/架位号 | 状态 | 备注 |
| 1 | 448625 | 204486252 | 社科二线422/422社科库 6排1列3层/ [索取号:I247.53/X6321] | 在馆 | |
| 2 | 448626 | 204486261 | 社科二线422/422社科库 6排1列3层/ [索取号:I247.53/X6321] | 在馆 | |
| 3 | 448627 | 204486270 | 社科二线422/422社科库 4排2列6层/ [索取号:I247.53/X6321] | 在馆 |